LIBRARY & INFORMATION CENTRE, KCAET, TAVANUR

ONLINE PUBLIC ACCESS CATALOGUE (OPAC)

Nature and properties of soils / (Record no. 10748)

MARC details
000 -LEADER
fixed length control field 00419cam a2200157ua 4500
041 ## - LANGUAGE CODE
Language code of text/sound track or separate title eng
082 ## - DEWEY DECIMAL CLASSIFICATION NUMBER
Classification number 631.4
Item number BUC/NA
100 ## - MAIN ENTRY--AUTHOR NAME
Personal name Buckman, Harry O .
245 ## - TITLE STATEMENT
Title Nature and properties of soils /
260 ## - PUBLICATION, DISTRIBUTION, ETC. (IMPRINT)
Place of publication New York :
Name of publisher MacMillan and Company Limited ,
Year of publication 1962.
300 ## - PHYSICAL DESCRIPTION
Number of Pages 567 ; .
700 1# - ADDED ENTRY--PERSONAL NAME
Personal name Brady, Nyle C .
942 ## - ADDED ENTRY ELEMENTS (KOHA)
Koha item type Books
Holdings
Withdrawn status Lost status Damaged status Home library Current library Date acquired Full call number Accession Number Koha item type
Withdrawn     KAUAET KAUAET 07/04/2012 631.4 8067 Books
free website counter